[Event "Finals of the Oberliga Württemberg"]
[Site "chess24.com"]
[Date "2019.04.07"]
[Round "9"]
[White "Zeller, Frank"]
[Black "Walter, Kevin"]
[Result "1-0"]
[Board "1"]
[WhiteElo "2373"]
[WhiteTitle "IM"]
[WhiteCountry "GER"]
[WhiteFideId "4613007"]
[WhiteEloChange "4"]
[BlackElo "2147"]
[BlackCountry "GER"]
[BlackFideId "12906654"]
[BlackEloChange "-4"]

1. e4 {[%clk 1:30:30]} c5 {[%clk 1:30:30]} 2. Nf3 {[%clk 1:30:30]} d6 {[%clk
1:30:30]} 3. d4 {[%clk 1:30:30]} cxd4 {[%clk 1:30:30]} 4. Nxd4 {[%clk 1:30:30]}
Nf6 {[%clk 1:30:30]} 5. Nc3 {[%clk 1:30:30]} a6 {[%clk 1:30:30]} 6. Bg5 {[%clk
1:30:30]} e6 {[%clk 1:30:30]} 7. f4 {[%clk 1:30:30]} Be7 {[%clk 1:30:30]} 8. Qf3
{[%clk 1:30:30]} Nbd7 {[%clk 1:30:30]} 9. O-O-O {[%clk 1:30:30]} Qc7 {[%clk
1:30:30]} 10. Bd3 {[%clk 1:30:30]} h6 {[%clk 1:30:30]} 11. Qh3 {[%clk 1:30:30]}
Rg8 {[%clk 1:30:30]} 12. e5 {[%clk 1:30:30]} hxg5 {[%clk 1:30:30]} 13. exf6
{[%clk 1:30:30]} gxf6 {[%clk 1:30:30]} 14. Qh7 {[%clk 1:30:30]} Rf8 {[%clk
1:30:30]} 15. Rhe1 {[%clk 1:30:30]} Nb6 {[%clk 1:30:30]} 16. fxg5 {[%clk
1:30:30]} fxg5 {[%clk 1:30:30]} 17. Bg6 {[%clk 1:30:30]} e5 {[%clk 1:30:30]} 18.
Rf1 {[%clk 1:30:30]} Qc4 {[%clk 1:30:30]} 19. Rxf7 {[%clk 1:30:30]} Rxf7 {[%clk
1:30:30]} 20. Qg8+ {[%clk 1:30:30]} Bf8 {[%clk 1:30:30]} 21. b3 {[%clk 1:30:30]}
Qc7 {[%clk 1:30:30]} 22. Ndb5 {[%clk 1:30:30]} axb5 {[%clk 1:30:30]} 23. Nxb5
{[%clk 1:30:30]} Qe7 {[%clk 1:30:30]} 24. Nxd6+ {[%clk 1:30:30]} Kd8 {[%clk
1:30:30]} 25. Nf5+ {[%clk 1:30:30]} Kc7 {[%clk 1:30:30]} 26. Nxe7 {[%clk
1:30:30]} Rf2 {[%clk 1:30:30]} 27. Qh8 {[%clk 1:30:30]} Nd7 {[%clk 1:30:30]} 28.
Nd5+ {[%clk 1:30:30]} Kb8 {[%clk 1:30:30]} 29. a4 {[%clk 1:30:30]} b5 {[%clk
1:30:30]} 30. Be8 {[%clk 1:30:30]} Nc5 {[%clk 1:30:30]} 31. Qxe5+ {[%clk
1:30:30]} Ka7 {[%clk 1:30:30]} 32. Qc7+ {[%clk 1:30:30]} Bb7 {[%clk 1:30:30]} 33.
Qb6+ {[%clk 1:30:30]} Kb8 {[%clk 1:30:30]} 34. Nb4 {[%clk 1:30:30]} Be7 {[%clk
1:30:30]} 35. Rd8+ {[%clk 1:30:30]} 1-0

[Event "Finals of the Oberliga Württemberg"]
[Site "chess24.com"]
[Date "2019.04.07"]
[Round "9"]
[White "Fischer, Sebastian"]
[Black "Puerckhauer, Soeren"]
[Result "1/2-1/2"]
[Board "3"]
[WhiteElo "2286"]
[WhiteCountry "GER"]
[WhiteFideId "4621441"]
[WhiteEloChange "-4"]
[BlackElo "2149"]
[BlackCountry "GER"]
[BlackFideId "24645915"]
[BlackEloChange "4"]

1. d4 {[%clk 1:30:30]} Nf6 {[%clk 1:30:30]} 2. Bf4 {[%clk 1:30:30]} d5 {[%clk
1:30:30]} 3. e3 {[%clk 1:30:30]} Bf5 {[%clk 1:30:30]} 4. c4 {[%clk 1:30:30]} c6
{[%clk 1:30:30]} 5. Nc3 {[%clk 1:30:30]} e6 {[%clk 1:30:30]} 6. Qb3 {[%clk
1:30:30]} Qc8 {[%clk 1:30:30]} 7. Nf3 {[%clk 1:30:30]} Nbd7 {[%clk 1:30:30]} 8.
Nh4 {[%clk 1:30:30]} Bg6 {[%clk 1:30:30]} 9. Nxg6 {[%clk 1:30:30]} hxg6 {[%clk
1:30:30]} 10. h3 {[%clk 1:30:30]} dxc4 {[%clk 1:30:30]} 11. Bxc4 {[%clk 1:30:30]}
Nb6 {[%clk 1:30:30]} 12. Be2 {[%clk 1:30:30]} Qd7 {[%clk 1:30:30]} 13. O-O-O
{[%clk 1:30:30]} Nfd5 {[%clk 1:30:30]} 14. Bh2 {[%clk 1:30:30]} Nxc3 {[%clk
1:30:30]} 15. bxc3 {[%clk 1:30:30]} Bd6 {[%clk 1:30:30]} 16. Bxd6 {[%clk
1:30:30]} Qxd6 {[%clk 1:30:30]} 17. c4 {[%clk 1:30:30]} Qc7 {[%clk 1:30:30]} 18.
Qa3 {[%clk 1:30:30]} Qe7 {[%clk 1:30:30]} 19. Qxe7+ {[%clk 1:30:30]} Kxe7 {[%clk
1:30:30]} 20. Kc2 {[%clk 1:30:30]} Rac8 {[%clk 1:30:30]} 21. c5 {[%clk 1:30:30]}
Nd7 {[%clk 1:30:30]} 22. Rb1 {[%clk 1:30:30]} b6 {[%clk 1:30:30]} 23. Bf3 {[%clk
1:30:30]} Rc7 {[%clk 1:30:30]} 24. cxb6 {[%clk 1:30:30]} axb6 {[%clk 1:30:30]}
25. Kd2 {[%clk 1:30:30]} Ra8 {[%clk 1:30:30]} 26. Rb2 {[%clk 1:30:30]} Ra3 {[%clk
1:30:30]} 27. Rc1 {[%clk 1:30:30]} 1/2-1/2

[Event "Finals of the Oberliga Württemberg"]
[Site "chess24.com"]
[Date "2019.04.07"]
[Round "9"]
[White "Gaehwiler, Gabriel"]
[Black "Zuferi, Enis"]
[Result "1/2-1/2"]
[Board "1"]
[WhiteElo "2414"]
[WhiteTitle "IM"]
[WhiteCountry "SUI"]
[WhiteFideId "1314530"]
[WhiteEloChange "-1"]
[BlackElo "2369"]
[BlackTitle "FM"]
[BlackCountry "GER"]
[BlackFideId "24692530"]
[BlackEloChange "1"]

1. d4 {[%clk 1:30:30]} Nf6 {[%clk 1:30:30]} 2. c4 {[%clk 1:30:30]} g6 {[%clk
1:30:30]} 3. g3 {[%clk 1:30:30]} c6 {[%clk 1:30:30]} 4. Bg2 {[%clk 1:30:30]} d5
{[%clk 1:30:30]} 5. Qa4 {[%clk 1:30:30]} Nfd7 {[%clk 1:30:30]} 6. cxd5 {[%clk
1:30:30]} Nb6 {[%clk 1:30:30]} 7. Qd1 {[%clk 1:30:30]} cxd5 {[%clk 1:30:30]} 8.
Nc3 {[%clk 1:30:30]} Bg7 {[%clk 1:30:30]} 9. e3 {[%clk 1:30:30]} Nc6 {[%clk
1:30:30]} 10. Nh3 {[%clk 1:30:30]} O-O {[%clk 1:30:30]} 11. Nf4 {[%clk 1:30:30]}
e6 {[%clk 1:30:30]} 12. O-O {[%clk 1:30:30]} Re8 {[%clk 1:30:30]} 13. b3 {[%clk
1:30:30]} Bf8 {[%clk 1:30:30]} 14. Nd3 {[%clk 1:30:30]} Nd7 {[%clk 1:30:30]} 15.
Bb2 {[%clk 1:30:30]} Nf6 {[%clk 1:30:30]} 16. Ne5 {[%clk 1:30:30]} Bd7 {[%clk
1:30:30]} 17. e4 {[%clk 1:30:30]} dxe4 {[%clk 1:30:30]} 18. Nxe4 {[%clk 1:30:30]}
Nxe4 {[%clk 1:30:30]} 19. Bxe4 {[%clk 1:30:30]} Nxe5 {[%clk 1:30:30]} 20. dxe5
{[%clk 1:30:30]} Bb5 {[%clk 1:30:30]} 21. Qxd8 {[%clk 1:30:30]} Raxd8 {[%clk
1:30:30]} 22. Rfd1 {[%clk 1:30:30]} b6 {[%clk 1:30:30]} 23. a4 {[%clk 1:30:30]}
Be2 {[%clk 1:30:30]} 24. Re1 {[%clk 1:30:30]} Ba6 {[%clk 1:30:30]} 25. Bc6 {[%clk
1:30:30]} Re7 {[%clk 1:30:30]} 26. Red1 {[%clk 1:30:30]} Rc8 {[%clk 1:30:30]} 27.
Be4 {[%clk 1:30:30]} 1/2-1/2

[Event "Finals of the Oberliga Württemberg"]
[Site "chess24.com"]
[Date "2019.04.07"]
[Round "9"]
[White "Schmidt, Tobias"]
[Black "Kuklin, Valentin"]
[Result "0-1"]
[Board "2"]
[WhiteElo "2266"]
[WhiteTitle "FM"]
[WhiteCountry "GER"]
[WhiteFideId "1271683"]
[WhiteEloChange "-7"]
[BlackElo "2371"]
[BlackTitle "FM"]
[BlackCountry "GER"]
[BlackFideId "316199"]
[BlackEloChange "7"]

1. e4 {[%clk 1:30:30]} e6 {[%clk 1:30:30]} 2. d4 {[%clk 1:30:30]} d5 {[%clk
1:30:30]} 3. Nd2 {[%clk 1:30:30]} Be7 {[%clk 1:30:30]} 4. e5 {[%clk 1:30:30]} c5
{[%clk 1:30:30]} 5. c3 {[%clk 1:30:30]} Nc6 {[%clk 1:30:30]} 6. Bd3 {[%clk
1:30:30]} cxd4 {[%clk 1:30:30]} 7. cxd4 {[%clk 1:30:30]} Nh6 {[%clk 1:30:30]} 8.
Ne2 {[%clk 1:30:30]} Nf5 {[%clk 1:30:30]} 9. Nf3 {[%clk 1:30:30]} Qb6 {[%clk
1:30:30]} 10. O-O {[%clk 1:30:30]} Bd7 {[%clk 1:30:30]} 11. Bxf5 {[%clk 1:30:30]}
exf5 {[%clk 1:30:30]} 12. Nc3 {[%clk 1:30:30]} Be6 {[%clk 1:30:30]} 13. Na4
{[%clk 1:30:30]} Qb5 {[%clk 1:30:30]} 14. Bg5 {[%clk 1:30:30]} Bf8 {[%clk
1:30:30]} 15. Rc1 {[%clk 1:30:30]} h6 {[%clk 1:30:30]} 16. Be3 {[%clk 1:30:30]}
g5 {[%clk 1:30:30]} 17. Nc5 {[%clk 1:30:30]} Bxc5 {[%clk 1:30:30]} 18. Rxc5
{[%clk 1:30:30]} Qxb2 {[%clk 1:30:30]} 19. Qa4 {[%clk 1:30:30]} Qb6 {[%clk
1:30:30]} 20. Rfc1 {[%clk 1:30:30]} Rc8 {[%clk 1:30:30]} 21. Qa3 {[%clk 1:30:30]}
Qd8 {[%clk 1:30:30]} 22. Qb2 {[%clk 1:30:30]} Qd7 {[%clk 1:30:30]} 23. Bd2 {[%clk
1:30:30]} f4 {[%clk 1:30:30]} 24. Bb4 {[%clk 1:30:30]} O-O {[%clk 1:30:30]} 25.
Ba3 {[%clk 1:30:30]} Rfe8 {[%clk 1:30:30]} 26. h4 {[%clk 1:30:30]} Bg4 {[%clk
1:30:30]} 27. Ne1 {[%clk 1:30:30]} b6 {[%clk 1:30:30]} 28. R5c3 {[%clk 1:30:30]}
Na5 {[%clk 1:30:30]} 29. Rxc8 {[%clk 1:30:30]} Rxc8 {[%clk 1:30:30]} 30. Rxc8+
{[%clk 1:30:30]} Qxc8 {[%clk 1:30:30]} 31. Qc2 {[%clk 1:30:30]} Qxc2 {[%clk
1:30:30]} 32. Nxc2 {[%clk 1:30:30]} Kg7 {[%clk 1:30:30]} 33. hxg5 {[%clk
1:30:30]} hxg5 {[%clk 1:30:30]} 34. f3 {[%clk 1:30:30]} Be6 {[%clk 1:30:30]} 35.
Kf2 {[%clk 1:30:30]} Nc6 {[%clk 1:30:30]} 36. g4 {[%clk 1:30:30]} fxg3+ {[%clk
1:30:30]} 37. Kxg3 {[%clk 1:30:30]} f6 {[%clk 1:30:30]} 38. exf6+ {[%clk
1:30:30]} Kxf6 {[%clk 1:30:30]} 39. Bb2 {[%clk 1:30:30]} a5 {[%clk 1:30:30]} 40.
Bc3 {[%clk 1:30:30]} Bf5 {[%clk 1:30:30]} 41. Ne3 {[%clk 1:30:30]} Ke6 {[%clk
1:30:30]} 42. a3 {[%clk 1:30:30]} b5 {[%clk 1:30:30]} 43. f4 {[%clk 1:30:30]} b4
{[%clk 1:30:30]} 44. axb4 {[%clk 1:30:30]} axb4 {[%clk 1:30:30]} 45. Bb2 {[%clk
1:30:30]} g4 {[%clk 1:30:30]} 46. Kh4 {[%clk 1:30:30]} Na5 {[%clk 1:30:30]} 47.
Kg5 {[%clk 1:30:30]} g3 {[%clk 1:30:30]} 48. Kh4 {[%clk 1:30:30]} Nc4 {[%clk
1:30:30]} 49. Bc1 {[%clk 1:30:30]} Nxe3 {[%clk 1:30:30]} 50. Kxg3 {[%clk
1:30:30]} Nc4 {[%clk 1:30:30]} 51. Kf3 {[%clk 1:30:30]} b3 {[%clk 1:30:30]} 52.
Ke2 {[%clk 1:30:30]} b2 {[%clk 1:30:30]} 53. Bxb2 {[%clk 1:30:30]} Nxb2 {[%clk
1:30:30]} 0-1

[Event "Finals of the Oberliga Württemberg"]
[Site "chess24.com"]
[Date "2019.04.07"]
[Round "9"]
[White "Ortmann, David"]
[Black "Pogan, Nikolas"]
[Result "1/2-1/2"]
[Board "3"]
[WhiteElo "2354"]
[WhiteTitle "FM"]
[WhiteCountry "GER"]
[WhiteFideId "4651588"]
[WhiteEloChange "-2"]
[BlackElo "2270"]
[BlackTitle "FM"]
[BlackCountry "GER"]
[BlackFideId "24673579"]
[BlackEloChange "2"]

1. d4 {[%clk 1:30:30]} Nf6 {[%clk 1:30:30]} 2. c4 {[%clk 1:30:30]} e6 {[%clk
1:30:30]} 3. Nf3 {[%clk 1:30:30]} b6 {[%clk 1:30:30]} 4. g3 {[%clk 1:30:30]} Bb7
{[%clk 1:30:30]} 5. Bg2 {[%clk 1:30:30]} g6 {[%clk 1:30:30]} 6. O-O {[%clk
1:30:30]} Bg7 {[%clk 1:30:30]} 7. Nc3 {[%clk 1:30:30]} Ne4 {[%clk 1:30:30]} 8.
Qc2 {[%clk 1:30:30]} Nxc3 {[%clk 1:30:30]} 9. bxc3 {[%clk 1:30:30]} O-O {[%clk
1:30:30]} 10. e4 {[%clk 1:30:30]} Nc6 {[%clk 1:30:30]} 11. Bg5 {[%clk 1:30:30]}
f6 {[%clk 1:30:30]} 12. Be3 {[%clk 1:30:30]} Na5 {[%clk 1:30:30]} 13. Nd2 {[%clk
1:30:30]} Ba6 {[%clk 1:30:30]} 14. Qa4 {[%clk 1:30:30]} c6 {[%clk 1:30:30]} 15.
Rfe1 {[%clk 1:30:30]} Re8 {[%clk 1:30:30]} 16. Rac1 {[%clk 1:30:30]} b5 {[%clk
1:30:30]} 17. cxb5 {[%clk 1:30:30]} cxb5 {[%clk 1:30:30]} 18. Qd1 {[%clk
1:30:30]} Rc8 {[%clk 1:30:30]} 19. a4 {[%clk 1:30:30]} Nc4 {[%clk 1:30:30]} 20.
axb5 {[%clk 1:30:30]} Bxb5 {[%clk 1:30:30]} 21. Nxc4 {[%clk 1:30:30]} Bxc4 {[%clk
1:30:30]} 22. Qa4 {[%clk 1:30:30]} Qc7 {[%clk 1:30:30]} 23. d5 {[%clk 1:30:30]}
a6 {[%clk 1:30:30]} 24. Red1 {[%clk 1:30:30]} Bf8 {[%clk 1:30:30]} 25. dxe6
{[%clk 1:30:30]} dxe6 {[%clk 1:30:30]} 26. Rd7 {[%clk 1:30:30]} Bb5 {[%clk
1:30:30]} 27. Rxc7 {[%clk 1:30:30]} Bxa4 {[%clk 1:30:30]} 28. Ra7 {[%clk
1:30:30]} Bb5 {[%clk 1:30:30]} 29. Bf1 {[%clk 1:30:30]} Re7 {[%clk 1:30:30]} 30.
Rxe7 {[%clk 1:30:30]} Bxe7 {[%clk 1:30:30]} 31. c4 {[%clk 1:30:30]} Bc6 {[%clk
1:30:30]} 32. Ra1 {[%clk 1:30:30]} 1/2-1/2

[Event "Finals of the Oberliga Württemberg"]
[Site "chess24.com"]
[Date "2019.04.07"]
[Round "9"]
[White "Holzhaeuer, Mathias"]
[Black "Velicka, Petr"]
[Result "1/2-1/2"]
[Board "1"]
[WhiteElo "2267"]
[WhiteTitle "FM"]
[WhiteCountry "GER"]
[WhiteFideId "4602293"]
[WhiteEloChange "4"]
[BlackElo "2430"]
[BlackTitle "GM"]
[BlackCountry "CZE"]
[BlackFideId "300659"]
[BlackEloChange "-2"]

1. e4 {[%clk 1:30:30]} c6 {[%clk 1:30:30]} 2. d4 {[%clk 1:30:30]} d5 {[%clk
1:30:30]} 3. exd5 {[%clk 1:30:30]} cxd5 {[%clk 1:30:30]} 4. Bd3 {[%clk 1:30:30]}
Nc6 {[%clk 1:30:30]} 5. c3 {[%clk 1:30:30]} Nf6 {[%clk 1:30:30]} 6. Bf4 {[%clk
1:30:30]} Bg4 {[%clk 1:30:30]} 7. Qb3 {[%clk 1:30:30]} Qd7 {[%clk 1:30:30]} 8.
Nd2 {[%clk 1:30:30]} e6 {[%clk 1:30:30]} 9. Ngf3 {[%clk 1:30:30]} Bxf3 {[%clk
1:30:30]} 10. Nxf3 {[%clk 1:30:30]} Bd6 {[%clk 1:30:30]} 11. Bg3 {[%clk 1:30:30]}
O-O {[%clk 1:30:30]} 12. O-O {[%clk 1:30:30]} Qc7 {[%clk 1:30:30]} 13. Rae1
{[%clk 1:30:30]} Nd7 {[%clk 1:30:30]} 14. Qd1 {[%clk 1:30:30]} h6 {[%clk
1:30:30]} 15. Qe2 {[%clk 1:30:30]} a6 {[%clk 1:30:30]} 16. Bxd6 {[%clk 1:30:30]}
Qxd6 {[%clk 1:30:30]} 17. Ne5 {[%clk 1:30:30]} Rae8 {[%clk 1:30:30]} 18. f4
{[%clk 1:30:30]} f5 {[%clk 1:30:30]} 19. Nxd7 {[%clk 1:30:30]} Qxd7 {[%clk
1:30:30]} 20. Rf3 {[%clk 1:30:30]} Rf6 {[%clk 1:30:30]} 21. Re3 {[%clk 1:30:30]}
Nd8 {[%clk 1:30:30]} 22. g4 {[%clk 1:30:30]} fxg4 {[%clk 1:30:30]} 23. f5 {[%clk
1:30:30]} Re7 {[%clk 1:30:30]} 24. Qxg4 {[%clk 1:30:30]} exf5 {[%clk 1:30:30]}
25. Rxe7 {[%clk 1:30:30]} Qxe7 {[%clk 1:30:30]} 26. Rxe7 {[%clk 1:30:30]} fxg4
{[%clk 1:30:30]} 27. Re8+ {[%clk 1:30:30]} 1/2-1/2

[Event "Finals of the Oberliga Württemberg"]
[Site "chess24.com"]
[Date "2019.04.07"]
[Round "9"]
[White "Jurek, Josef"]
[Black "Trachtmann, Mark"]
[Result "1/2-1/2"]
[Board "2"]
[WhiteElo "2273"]
[WhiteTitle "IM"]
[WhiteCountry "CZE"]
[WhiteFideId "300993"]
[BlackElo "2263"]
[BlackTitle "FM"]
[BlackCountry "GER"]
[BlackFideId "4635515"]

1. d4 {[%clk 1:30:30]} g6 {[%clk 1:30:30]} 2. Nf3 {[%clk 1:30:30]} Bg7 {[%clk
1:30:30]} 3. c4 {[%clk 1:30:30]} d6 {[%clk 1:30:30]} 4. g3 {[%clk 1:30:30]} Nc6
{[%clk 1:30:30]} 5. Nc3 {[%clk 1:30:30]} Bg4 {[%clk 1:30:30]} 6. Bg2 {[%clk
1:30:30]} e5 {[%clk 1:30:30]} 7. d5 {[%clk 1:30:30]} Nce7 {[%clk 1:30:30]} 8. h3
{[%clk 1:30:30]} Bd7 {[%clk 1:30:30]} 9. e4 {[%clk 1:30:30]} h6 {[%clk 1:30:30]}
10. O-O {[%clk 1:30:30]} f5 {[%clk 1:30:30]} 11. exf5 {[%clk 1:30:30]} gxf5
{[%clk 1:30:30]} 12. Nh4 {[%clk 1:30:30]} Nf6 {[%clk 1:30:30]} 13. f4 {[%clk
1:30:30]} e4 {[%clk 1:30:30]} 1/2-1/2

[Event "Finals of the Oberliga Württemberg"]
[Site "chess24.com"]
[Date "2019.04.07"]
[Round "9"]
[White "Niklasch, Oliver"]
[Black "Denisow, Jewgeny"]
[Result "0-1"]
[Board "3"]
[WhiteElo "2299"]
[WhiteTitle "IM"]
[WhiteCountry "GER"]
[WhiteFideId "4616189"]
[WhiteEloChange "-14"]
[BlackElo "2142"]
[BlackCountry "GER"]
[BlackFideId "24631116"]
[BlackEloChange "14"]

1. c4 {[%clk 1:30:30]} e6 {[%clk 1:30:30]} 2. Nf3 {[%clk 1:30:30]} d5 {[%clk
1:30:30]} 3. d4 {[%clk 1:30:30]} Nf6 {[%clk 1:30:30]} 4. Nc3 {[%clk 1:30:30]}
dxc4 {[%clk 1:30:30]} 5. e3 {[%clk 1:30:30]} a6 {[%clk 1:30:30]} 6. a4 {[%clk
1:30:30]} c5 {[%clk 1:30:30]} 7. Bxc4 {[%clk 1:30:30]} Nc6 {[%clk 1:30:30]} 8.
O-O {[%clk 1:30:30]} Be7 {[%clk 1:30:30]} 9. Qe2 {[%clk 1:30:30]} Qc7 {[%clk
1:30:30]} 10. h3 {[%clk 1:30:30]} O-O {[%clk 1:30:30]} 11. dxc5 {[%clk 1:30:30]}
Bxc5 {[%clk 1:30:30]} 12. e4 {[%clk 1:30:30]} Nd4 {[%clk 1:30:30]} 13. Nxd4
{[%clk 1:30:30]} Bxd4 {[%clk 1:30:30]} 14. Rd1 {[%clk 1:30:30]} Qc5 {[%clk
1:30:30]} 15. Ba2 {[%clk 1:30:30]} b5 {[%clk 1:30:30]} 16. Bf4 {[%clk 1:30:30]}
b4 {[%clk 1:30:30]} 17. Rxd4 {[%clk 1:30:30]} Qxd4 {[%clk 1:30:30]} 18. Rd1
{[%clk 1:30:30]} Qb6 {[%clk 1:30:30]} 19. e5 {[%clk 1:30:30]} bxc3 {[%clk
1:30:30]} 20. exf6 {[%clk 1:30:30]} Qxb2 {[%clk 1:30:30]} 21. Qg4 {[%clk
1:30:30]} g6 {[%clk 1:30:30]} 22. Qg5 {[%clk 1:30:30]} c2 {[%clk 1:30:30]} 23.
Re1 {[%clk 1:30:30]} Rd8 {[%clk 1:30:30]} 24. Be5 {[%clk 1:30:30]} Qb4 {[%clk
1:30:30]} 0-1

[Event "Finals of the Oberliga Württemberg"]
[Site "chess24.com"]
[Date "2019.04.07"]
[Round "9"]
[White "Weiss, Andreas"]
[Black "Krockenberger, Martin"]
[Result "1/2-1/2"]
[Board "4"]
[WhiteElo "2171"]
[WhiteCountry "GER"]
[WhiteFideId "4649370"]
[BlackElo "2177"]
[BlackTitle "FM"]
[BlackCountry "GER"]
[BlackFideId "4602552"]

1. e4 {[%clk 1:30:30]} e6 {[%clk 1:30:30]} 2. d4 {[%clk 1:30:30]} d5 {[%clk
1:30:30]} 3. Nd2 {[%clk 1:30:30]} Nf6 {[%clk 1:30:30]} 4. e5 {[%clk 1:30:30]}
Nfd7 {[%clk 1:30:30]} 5. c3 {[%clk 1:30:30]} c5 {[%clk 1:30:30]} 6. f4 {[%clk
1:30:30]} Nc6 {[%clk 1:30:30]} 7. Ndf3 {[%clk 1:30:30]} Qb6 {[%clk 1:30:30]} 8.
a3 {[%clk 1:30:30]} a5 {[%clk 1:30:30]} 9. Nh3 {[%clk 1:30:30]} Be7 {[%clk
1:30:30]} 10. Be2 {[%clk 1:30:30]} cxd4 {[%clk 1:30:30]} 11. cxd4 {[%clk
1:30:30]} f6 {[%clk 1:30:30]} 12. Nf2 {[%clk 1:30:30]} O-O {[%clk 1:30:30]} 13.
O-O {[%clk 1:30:30]} 1/2-1/2

[Event "Finals of the Oberliga Württemberg"]
[Site "chess24.com"]
[Date "2019.04.07"]
[Round "9"]
[White "Thoma, Christian"]
[Black "Hoenick, Andreas"]
[Result "1/2-1/2"]
[Board "5"]
[WhiteElo "2219"]
[WhiteCountry "GER"]
[WhiteFideId "4623746"]
[WhiteEloChange "-3"]
[BlackElo "2128"]
[BlackTitle "CM"]
[BlackCountry "GER"]
[BlackFideId "4673522"]
[BlackEloChange "3"]

1. d4 {[%clk 1:30:30]} d5 {[%clk 1:30:30]} 2. c4 {[%clk 1:30:30]} e6 {[%clk
1:30:30]} 3. Nc3 {[%clk 1:30:30]} Bb4 {[%clk 1:30:30]} 4. a3 {[%clk 1:30:30]}
Bxc3+ {[%clk 1:30:30]} 5. bxc3 {[%clk 1:30:30]} c6 {[%clk 1:30:30]} 6. e3 {[%clk
1:30:30]} Nf6 {[%clk 1:30:30]} 7. Bd3 {[%clk 1:30:30]} O-O {[%clk 1:30:30]} 8.
Nf3 {[%clk 1:30:30]} b6 {[%clk 1:30:30]} 9. cxd5 {[%clk 1:30:30]} cxd5 {[%clk
1:30:30]} 10. O-O {[%clk 1:30:30]} Nc6 {[%clk 1:30:30]} 11. Bb2 {[%clk 1:30:30]}
Bb7 {[%clk 1:30:30]} 12. c4 {[%clk 1:30:30]} dxc4 {[%clk 1:30:30]} 13. Bxc4
{[%clk 1:30:30]} Na5 {[%clk 1:30:30]} 14. Bd3 {[%clk 1:30:30]} Qd5 {[%clk
1:30:30]} 1/2-1/2

[Event "Finals of the Oberliga Württemberg"]
[Site "chess24.com"]
[Date "2019.04.07"]
[Round "9"]
[White "Loehr, Markus"]
[Black "Pohl, Walter"]
[Result "1/2-1/2"]
[Board "7"]
[WhiteElo "2180"]
[WhiteCountry "GER"]
[WhiteFideId "4642023"]
[WhiteEloChange "-2"]
[BlackElo "2125"]
[BlackCountry "GER"]
[BlackFideId "4637178"]
[BlackEloChange "2"]

1. d4 {[%clk 1:30:30]} Nf6 {[%clk 1:30:30]} 2. c4 {[%clk 1:30:30]} g6 {[%clk
1:30:30]} 3. Nc3 {[%clk 1:30:30]} Bg7 {[%clk 1:30:30]} 4. e4 {[%clk 1:30:30]} O-O
{[%clk 1:30:30]} 5. Nf3 {[%clk 1:30:30]} c6 {[%clk 1:30:30]} 6. Be2 {[%clk
1:30:30]} d5 {[%clk 1:30:30]} 7. e5 {[%clk 1:30:30]} Ne4 {[%clk 1:30:30]} 8. O-O
{[%clk 1:30:30]} Nxc3 {[%clk 1:30:30]} 9. bxc3 {[%clk 1:30:30]} dxc4 {[%clk
1:30:30]} 10. Bxc4 {[%clk 1:30:30]} c5 {[%clk 1:30:30]} 11. Be3 {[%clk 1:30:30]}
cxd4 {[%clk 1:30:30]} 12. cxd4 {[%clk 1:30:30]} Nc6 {[%clk 1:30:30]} 13. Qd2
{[%clk 1:30:30]} Na5 {[%clk 1:30:30]} 14. Be2 {[%clk 1:30:30]} Be6 {[%clk
1:30:30]} 15. Rac1 {[%clk 1:30:30]} Bd5 {[%clk 1:30:30]} 16. Ng5 {[%clk 1:30:30]}
Nc6 {[%clk 1:30:30]} 17. Nh3 {[%clk 1:30:30]} e6 {[%clk 1:30:30]} 18. Nf4 {[%clk
1:30:30]} Ne7 {[%clk 1:30:30]} 19. Nxd5 {[%clk 1:30:30]} Nxd5 {[%clk 1:30:30]}
20. Bg5 {[%clk 1:30:30]} f6 {[%clk 1:30:30]} 21. exf6 {[%clk 1:30:30]} Bxf6
{[%clk 1:30:30]} 22. Bh6 {[%clk 1:30:30]} Bg7 {[%clk 1:30:30]} 23. Bxg7 {[%clk
1:30:30]} Kxg7 {[%clk 1:30:30]} 24. Bg4 {[%clk 1:30:30]} Qd6 {[%clk 1:30:30]} 25.
g3 {[%clk 1:30:30]} Rae8 {[%clk 1:30:30]} 26. f4 {[%clk 1:30:30]} h5 {[%clk
1:30:30]} 27. Bf3 {[%clk 1:30:30]} h4 {[%clk 1:30:30]} 28. Kg2 {[%clk 1:30:30]}
1/2-1/2

[Event "Finals of the Oberliga Württemberg"]
[Site "chess24.com"]
[Date "2019.04.07"]
[Round "9"]
[White "Sinz, Bernhard"]
[Black "Braun, Georg"]
[Result "0-1"]
[Board "1"]
[WhiteElo "2361"]
[WhiteTitle "FM"]
[WhiteCountry "GER"]
[WhiteFideId "4618807"]
[WhiteEloChange "-12"]
[BlackElo "2308"]
[BlackTitle "FM"]
[BlackCountry "GER"]
[BlackFideId "24629383"]
[BlackEloChange "12"]

1. d4 {[%clk 1:30:30]} Nf6 {[%clk 1:30:30]} 2. Bg5 {[%clk 1:30:30]} Ne4 {[%clk
1:30:30]} 3. Bf4 {[%clk 1:30:30]} c5 {[%clk 1:30:30]} 4. f3 {[%clk 1:30:30]} Nf6
{[%clk 1:30:30]} 5. dxc5 {[%clk 1:30:30]} e6 {[%clk 1:30:30]} 6. Bd6 {[%clk
1:30:30]} b6 {[%clk 1:30:30]} 7. Bxf8 {[%clk 1:30:30]} Rxf8 {[%clk 1:30:30]} 8.
e4 {[%clk 1:30:30]} bxc5 {[%clk 1:30:30]} 9. Nc3 {[%clk 1:30:30]} Nc6 {[%clk
1:30:30]} 10. Qd6 {[%clk 1:30:30]} Qe7 {[%clk 1:30:30]} 11. Qg3 {[%clk 1:30:30]}
Nh5 {[%clk 1:30:30]} 12. Qf2 {[%clk 1:30:30]} a6 {[%clk 1:30:30]} 13. f4 {[%clk
1:30:30]} d6 {[%clk 1:30:30]} 14. O-O-O {[%clk 1:30:30]} Bb7 {[%clk 1:30:30]} 15.
g4 {[%clk 1:30:30]} Nf6 {[%clk 1:30:30]} 16. g5 {[%clk 1:30:30]} Nd7 {[%clk
1:30:30]} 17. Nge2 {[%clk 1:30:30]} O-O-O {[%clk 1:30:30]} 18. h4 {[%clk
1:30:30]} Nb6 {[%clk 1:30:30]} 19. Bg2 {[%clk 1:30:30]} Kb8 {[%clk 1:30:30]} 20.
Rhe1 {[%clk 1:30:30]} Ka7 {[%clk 1:30:30]} 21. f5 {[%clk 1:30:30]} Rb8 {[%clk
1:30:30]} 22. Nf4 {[%clk 1:30:30]} Nd4 {[%clk 1:30:30]} 23. Nd3 {[%clk 1:30:30]}
e5 {[%clk 1:30:30]} 24. Ne2 {[%clk 1:30:30]} Bc6 {[%clk 1:30:30]} 25. c3 {[%clk
1:30:30]} Nxe2+ {[%clk 1:30:30]} 26. Rxe2 {[%clk 1:30:30]} Qb7 {[%clk 1:30:30]}
27. b3 {[%clk 1:30:30]} a5 {[%clk 1:30:30]} 28. Nxc5 {[%clk 1:30:30]} dxc5 {[%clk
1:30:30]} 29. Qxc5 {[%clk 1:30:30]} Rfd8 {[%clk 1:30:30]} 30. Qxe5 {[%clk
1:30:30]} Rxd1+ {[%clk 1:30:30]} 31. Kxd1 {[%clk 1:30:30]} a4 {[%clk 1:30:30]}
32. Qa5+ {[%clk 1:30:30]} Qa6 {[%clk 1:30:30]} 33. Qxa6+ {[%clk 1:30:30]} Kxa6
{[%clk 1:30:30]} 34. e5 {[%clk 1:30:30]} Nd5 {[%clk 1:30:30]} 35. Kc2 {[%clk
1:30:30]} axb3+ {[%clk 1:30:30]} 36. axb3 {[%clk 1:30:30]} Nf4 {[%clk 1:30:30]}
37. Bxc6 {[%clk 1:30:30]} Nxe2 {[%clk 1:30:30]} 38. e6 {[%clk 1:30:30]} Kb6
{[%clk 1:30:30]} 39. Bf3 {[%clk 1:30:30]} Nf4 {[%clk 1:30:30]} 40. exf7 {[%clk
1:30:30]} Rf8 {[%clk 1:30:30]} 41. b4 {[%clk 1:30:30]} Rxf7 {[%clk 1:30:30]} 42.
Bg4 {[%clk 1:30:30]} h5 {[%clk 1:30:30]} 0-1